| 000 | 01618nam a2200517 i 4500 | ||
|---|---|---|---|
| 001 | 7103 | ||
| 003 | KOSZ 005 | ||
| 005 | 20200624113906.0 | ||
| 008 | 070620s1969 pl a |000 0 pol | ||
| 015 | _aUWD 1969/7773 | ||
| 035 | _a991039110979705066 | ||
| 035 | _a(PL-WaBN)b20463522-48omnis_nlop | ||
| 035 | _ab20463522 | ||
| 035 | _a(OCoLC)831239916 | ||
| 035 | _a(PL)b0000002046352 | ||
| 035 | _a(EXLNZ-48OMNIS_NETWORK)9910074152905606 | ||
| 040 |
_aWA N _cWA N _dKOSZ 005/AR |
||
| 041 | 0 | _apol | |
| 044 | _apl | ||
| 046 | _k1969 | ||
| 080 | _a631.5 | ||
| 080 | _a631.58 | ||
| 080 | _a633.3 | ||
| 080 | _a636.084/.087 | ||
| 100 | 1 |
_aOleszczuk, Włodzimierz _eAutor |
|
| 245 | 1 | 0 |
_aBezglebowa produkcja zielonek / _cW. Oleszczuk. |
| 260 |
_aWarszawa : _bPaństwowe Wydawnictwo Rolnicze i Leśne, _c1969. |
||
| 300 |
_a82, [2] strony : _bilustracje ; _c18 cm. |
||
| 336 |
_aTekst _btxt _2rdacontent |
||
| 337 |
_aBez urządzenia pośredniczącego _bn _2rdamedia |
||
| 338 |
_aWolumin _bnc _2rdacarrier |
||
| 380 | _aKsiążki | ||
| 380 | _aPublikacje fachowe | ||
| 388 | _a1901-2000 | ||
| 388 | _a1945-1989 | ||
| 650 | 7 |
_aUprawa roślin _2DBN |
|
| 650 | 7 |
_aHydroponika _2DBN |
|
| 650 | 7 |
_aRośliny pastewne _2DBN |
|
| 650 | 7 |
_aZielonki (rolnictwo) _2DBN |
|
| 655 | _aPoradnik | ||
| 658 | _aRolnictwo i leśnictwo | ||
| 710 | _aPaństwowe Wydawnictwo Rolnicze i Leśne | ||
| 856 |
_uhttp://koha.tu.koszalin.pl/cgi-bin/koha/opac-detail.pl?biblionumber=7103 _yKatalog online BPK |
||
| 942 |
_2UKD _cKS |
||
| 999 |
_c7103 _d7103 |
||